000 00478nam a2200181Ia 4500
005 20250326141414.0
008 250326s9999 xx 000 0 und d
037 _aTextbook
040 _aFMSL
_beng
_cFMSL
041 _aeng
_2eng
084 _aX:8F M5
_qFMSL
100 _aGhosh P K
245 0 _aStudies in accounting theory
_cGhosh P K
260 _aDelhi
_bDelhi, Wiley Eastern
_c1985
300 _a468p
942 _cTB
_hX:8F M5
999 _c1290153
_d1290153